<?xml version="1.0" encoding="UTF-8"?>
<collection xmlns="http://www.loc.gov/MARC21/slim">
    <record>
        <controlfield tag="001">67623</controlfield>
        <controlfield tag="005">20180223094954.0</controlfield>
        <datafield tag="037" ind1=" " ind2=" ">
            <subfield code="a">GDOC-2016-30333</subfield>
        </datafield>
        <datafield tag="041" ind1=" " ind2=" ">
            <subfield code="a">spa</subfield>
        </datafield>
        <datafield tag="100" ind1=" " ind2=" ">
            <subfield code="0">(orcid)0000-0002-3886-7748</subfield>
            <subfield code="1">403858</subfield>
            <subfield code="a">Ortega Giménez, Alfonso</subfield>
        </datafield>
        <datafield tag="245" ind1="0" ind2="0">
            <subfield code="9">30333</subfield>
            <subfield code="a">Aplicaciones de procesado digital de señal</subfield>
        </datafield>
        <datafield tag="260" ind1=" " ind2=" ">
            <subfield code="a">Zaragoza</subfield>
            <subfield code="b">Universidad de Zaragoza</subfield>
            <subfield code="c">2016-2017</subfield>
        </datafield>
        <datafield tag="520" ind1=" " ind2=" ">
            <subfield code="a">Breve presentación de la asignatura
Esta asignatura forma parte de la materia Tratamiento de Información, y es una asignatura obligatoria dentro del itinerario correspondiente a la tecnología específica de Sistemas de Telecomunicación. 
 
En esta asignatura se profundiza en las técnicas de procesado digital de señales desde la perspectiva de sus aplicaciones más comunes: comunicaciones, señales biológicas, procesado del habla, radar...  La asignatura se inicia con una introducción a las aplicaciones del procesado digital de señales, y los tipos de señales con que trabaja, así como a su caracterización de las señales como procesos estocásticos  (0.5 ECTS), con énfasis en estimación de parámetros y aplicaciones de detección de eventos (2.5 ECTS), el filtrado lineal óptimo y sus aplicaciones (2 ECTS) y los sistemas de compresión de datos (1 ECTS).</subfield>
            <subfield code="b"> </subfield>
        </datafield>
        <datafield tag="521" ind1=" " ind2=" ">
            <subfield code="9">145</subfield>
            <subfield code="a">Ingeniería de Tecnologías y Servicios de Telecomunicación</subfield>
        </datafield>
        <datafield tag="540" ind1=" " ind2=" ">
            <subfield code="a">by-nc-sa</subfield>
            <subfield code="b">Creative Commons</subfield>
            <subfield code="c">3.0</subfield>
            <subfield code="u">http://creativecommons.org/licenses/by-nc-sa/3.0/</subfield>
        </datafield>
        <datafield tag="700" ind1=" " ind2=" ">
            <subfield code="0">(orcid)0000-0002-7503-3339</subfield>
            <subfield code="1">408968</subfield>
            <subfield code="a">Martínez Cortés, Juan Pablo</subfield>
        </datafield>
        <datafield tag="700" ind1=" " ind2=" ">
            <subfield code="0">(orcid)0000-0002-0261-3877</subfield>
            <subfield code="1">537333</subfield>
            <subfield code="a">Olcoz Martínez, Julia</subfield>
        </datafield>
        <datafield tag="830" ind1=" " ind2=" ">
            <subfield code="9">438</subfield>
        </datafield>
        <datafield tag="856" ind1="4" ind2=" ">
            <subfield code="s">11257</subfield>
            <subfield code="u">http://zaguan.unizar.es/record/67623/files/guia-30333-en.pdf</subfield>
            <subfield code="y">Guide (english)</subfield>
        </datafield>
        <datafield tag="856" ind1="4" ind2=" ">
            <subfield code="s">18900</subfield>
            <subfield code="u">http://zaguan.unizar.es/record/67623/files/guia-30333-es.pdf</subfield>
            <subfield code="y">Guía (idioma español)</subfield>
        </datafield>
        <datafield tag="970" ind1=" " ind2=" ">
            <subfield code="a">GDOC-2016-30333</subfield>
        </datafield>
        <datafield tag="980" ind1=" " ind2=" ">
            <subfield code="a">GDOC</subfield>
            <subfield code="b">Ingeniería y arquitectura</subfield>
            <subfield code="c">110</subfield>
        </datafield>
    </record>

    
</collection>